Statistics for Far cry 5 quiz

Click here to take the quiz!

General Stats

  • This quiz has been taken 181 times
  • The average score is 7 of 15

Answer Stats

HintAnswer% Correct
name of bear companioncheeseburger
90%
what is the father s real namejoseph seed
83%
what creates angelsbliss
78%
name of the culteden s gate
77%
what is the name of country you play inhope county
57%
who do you play asdeputy
53%
john s region nameholland valley
49%
who is the good boyboomer
47%
town in holland valleyfall s end
41%
what is the name of the song that drives you on a bloody rampageonly you
38%
who is dangerously stupidhurk jr.
21%
what s nick rye plane calledcarmina
17%
what is player map design calledfar cry arcade
5%
is there an it easter eggyup
5%
what does john do to the prisionershe writes sins on their chests
1%

Score Distribution

Percentile by Number Answered

Percent of People with Each Score

Your Score History

You have not taken this quiz